Rozvoj logistiky na Slovensku a jej financovanie
Výstavba moderných logistických centier na Slovensku. Tri piliere, na ktorých je postavená logistika na Slovensku. Logistické centrá maloobchodných reťazcov. Just-in-time dodávatelia. Logistickí operátori. Financovanie logistických centier pomocou bankového úveru. Ďalšia expanzia logistických centie...
Gespeichert in:
| 1. Verfasser: | |
|---|---|
| Format: | Buchkapitel |
| Sprache: | Slowakisch |
| Schlagworte: | |
| Tags: |
Keine Tags, Fügen Sie das erste Tag hinzu!
|
MARC
| LEADER | 00000naa$a2200000$$$4500 | ||
|---|---|---|---|
| 001 | 0056091 | ||
| 005 | 20231108134016.3 | ||
| 041 | 0 | |a slo | |
| 044 | |a SK | ||
| 245 | 1 | 0 | |a Rozvoj logistiky na Slovensku a jej financovanie |c Roman Krajčír |
| 520 | |a Výstavba moderných logistických centier na Slovensku. Tri piliere, na ktorých je postavená logistika na Slovensku. Logistické centrá maloobchodných reťazcov. Just-in-time dodávatelia. Logistickí operátori. Financovanie logistických centier pomocou bankového úveru. Ďalšia expanzia logistických centier. | ||
| 610 | 2 | 0 | |a distribúcia |
| 610 | 2 | 0 | |a doprava |
| 610 | 2 | 0 | |a zásobovanie |
| 610 | 2 | 0 | |a logistika |
| 610 | 2 | 0 | |a dodávatelia |
| 610 | 2 | 0 | |a sklady |
| 610 | 2 | 0 | |a financovanie |
| 100 | 1 | |a Krajčír, Roman | |